Canada - Wallows (All Lyrics) - Statistics

General Stats
  • This quiz has been taken 14 times
    6 since last reset
  • The average score is 194 of 256
Answer Stats
Hint Answer % Correct
got
100%
I
100%
in
100%
light
100%
mind
100%
morning
100%
on
100%
Only
100%
only
100%
the
100%
The
100%
you
100%
You
100%
a
75%
about
75%
adding
75%
all
75%
All
75%
already
75%
always
75%
And
75%
Anything
75%
are
75%
back
75%
But
75%
can
75%
come
75%
could
75%
do
75%
don't
75%
door
75%
down
75%
ever
75%
every
75%
Everything
75%
find
75%
fine
75%
for?
75%
for
75%
found
75%
from
75%
give
75%
hardly
75%
have
75%
head
75%
heat
75%
hold
75%
hope
75%
if
75%
is
75%
it
75%
it's
75%
Chorus It's
75%
I've
75%
just
75%
key
75%
know
75%
let
75%
line
75%
long
75%
Maybe
75%
maybe
75%
me
75%
met
75%
mince
75%
mine
75%
more?
75%
my
75%
need
75%
night
75%
now
75%
of
75%
off
75%
out
75%
'round
75%
sat
75%
say
75%
slow
75%
So
75%
something
75%
store
75%
sweat
75%
take
75%
Verse 2 Take
75%
talk
75%
Tell
75%
then
75%
think
75%
time
75%
to
75%
To
75%
unlock
75%
up
75%
waiting
75%
Verse 1 Wake
75%
way
75%
we
75%
We
75%
what
75%
What
75%
where
75%
will
75%
wiped
75%
Wonder
75%
word
75%
words
75%
you'd
75%
your
75%
you're
75%
anymore
50%
arm
50%
day
50%
end
50%
here
50%
I'd
50%
I'm
50%
inside
50%
keep
50%
looking
50%
make
50%
Make
50%
not
50%
one
50%
Remember
50%
said
50%
see
50%
should
50%
show
50%
sound
50%
That
50%
that
50%
things
50%
through
50%
wanna
50%
we'll
50%
we've
50%
grazed
25%
led
25%
Ooh,
0%
ooh
0%
No matching quizzes found
Score Distribution
Percent of People with Each Score
Percentile by Number Answered
Your Score History
You have not taken this quiz since the last reset